000 00465nam a22001697a 4500
999 _c4117
_d4117
003 GBCCL
005 20241126110511.0
008 180112b xxu||||| |||| 00| 0 eng d
020 _a0801061040
040 _cgbc
082 _a242.5
_bLIS
245 _aListen to The King:
_bSelected Scriptures for Meditation /
_cCompiled by Walter E. McAlister
260 _bBaker Book House,
_aMichigan:
_c1980
300 _c18 cm.
650 _aDevotions
_97071
942 _2ddc
_cBK